| 000 | 01397nam a2200397 i 4500 | ||
|---|---|---|---|
| 001 | 13378 | ||
| 003 | KOSZ 005 | ||
| 005 | 20250813063407.0 | ||
| 008 | 071026s1971 pl a f f 001 0 pol | ||
| 015 | _aPB 1971/3642 | ||
| 040 |
_aWA N _cWA N _dKOSZ 005/RW _dKOSZ 005/HR |
||
| 041 | 1 |
_apol _hger |
|
| 046 | _k1971 | ||
| 080 | _a517.9 | ||
| 080 | _a(076) | ||
| 100 | 1 |
_aGoering, Herbert. _eAutor |
|
| 245 | 1 | 0 |
_aElementarne metody rozwiązywania równań różniczkowych / _cHerbert Goering ; [tł. J. Cichorski]. |
| 246 | 1 |
_iTytuł oryginału: _aElementare Methoden zur Lösung von Differentialgleichungsproblemen. |
|
| 260 |
_aWarszawa : _bPaństwowe Wydawnictwo Naukowe, _c1971. |
||
| 300 |
_a143, [1] strony : _bilustracje, errata ; _c23 cm. |
||
| 336 |
_aTekst _btxt _2rdacontent |
||
| 337 |
_aBez urządzenia pośredniczącego _bn _2rdamedia |
||
| 338 |
_aWolumin _bnc _2rdacarrier |
||
| 380 | _aKsiążki. | ||
| 380 | _aPublikacje dydaktyczne | ||
| 388 | _a1901-2000 | ||
| 388 | _a1945-1989 | ||
| 504 | _aIndeks. | ||
| 658 | _aMatematyka | ||
| 655 | 4 | _aĆwiczenia i zadania | |
| 650 | 4 | _aRównania różniczkowe | |
| 700 | 1 |
_aCichorski, Jarosław _eTłumaczenie |
|
| 710 | 2 |
_aPaństwowe Wydawnictwo Naukowe _4pbl. |
|
| 856 |
_uhttp://koha.tu.koszalin.pl/cgi-bin/koha/opac-detail.pl?biblionumber=13378 _yKatalog online BPK |
||
| 942 |
_2UKD _cKS |
||
| 999 |
_c13378 _d13378 |
||